Pourvu qu’elles m’aiment- Booba paroles - Statistiques

Statistiques générales
  • Ce quiz a été pris 36 fois
  • Le résultat moyen est 219 sur 367
Statistiques - réponses
Réponse % Correct
D.
100%
la
100%
le
100%
que
100%
C
96%
de
96%
ma
96%
ton
96%
à
93%
a
93%
j’ai
93%
te
93%
U.
93%
je
89%
Je
89%
me
89%
qu’elle
89%
tu
89%
pour
85%
pourvu
85%
pas
81%
elle..
78%
est
78%
lâche
78%
parler
78%
phon
78%
temps
78%
un
78%
bonne
74%
ce
74%
les
74%
Les
74%
moi
74%
Paris
74%
Tel
74%
vienne.
74%
vienne,
74%
crois
70%
du
70%
Hilton…
70%
si
70%
au
67%
bureau
67%
derrière
67%
mal
67%
m’écoute,
67%
qu’elles
67%
quelques
67%
suis
67%
suite
67%
et
63%
fait
63%
import
63%
laisse
63%
m’aiment !
63%
ne
63%
peu
63%
gouttes,
59%
haïssent,
59%
Jambes
59%
jambes
59%
j’nai
59%
j’n’ai
59%
route,
59%
chez
56%
croisées
56%
cul,
56%
cul
56%
dis
56%
dur,
56%
fais
56%
importe
56%
m’aimes !
56%
phone
56%
c’est
52%
décroise
52%
doutes…
52%
drôle
52%
mais,
52%
mais
52%
qu’ils
52%
veux
52%
as
48%
e-mail
48%
histoire
48%
jamais
48%
quoi
48%
sens
48%
crème
44%
d’animal,
44%
mon
44%
une
44%
Coeur
41%
en
41%
fiancé.
41%
juste
41%
ta
41%
vois
41%
X
41%
amour
37%
bien
37%
brisé,
37%
cas,
37%
c’que
37%
crustacé
37%
dire…
37%
gel,
37%
j’veux
37%
siliconer
37%
thug
37%
cassé,
33%
malheureusement
33%
meilleur,
33%
notre
33%
prêt
33%
sais,
33%
salue
33%
sois
33%
crime,
30%
des
30%
effet
30%
gentleman,
30%
jouir,
30%
n’serai
30%
part
30%
peur,
30%
prends
30%
dans
26%
déguster
26%
gangster
26%
insensé,
26%
ladies
26%
l’école
26%
26%
reviennes !
26%
va
26%
vice
26%
americaines
22%
B2O
22%
BlackBerry
22%
continent.
22%
joli
22%
Miel,
22%
prie
22%
tire.
22%
Big
19%
caisses
19%
cool,
19%
d’air
19%
font,
19%
font…
19%
grosses
19%
j’crois
19%
keufs
19%
retourne
19%
tendre
19%
toi
19%
y
19%
africaines,
15%
boule,
15%
comme
15%
compliment.
15%
démarche
15%
frais
15%
Lune
15%
pâles,
15%
toujours
15%
visages
15%
week-end
15%
douc’ment,
11%
Girls
11%
mile
11%
oim,
11%
qu’j’vais
11%
gueule,
7%
ouf,
7%
recherche
7%
soldes
7%
s’rait
7%
veillis
7%
Curve
4%
lourdes
4%
app’ler
0%
Bouli
0%
fuir
0%
“pitch” !
0%
quesqu’elle
0%
Aucun quiz correspondant
Distribution des résultats
% des personnes avec chaque résultat
Percentile par nombre de réponses
Votre historique - résultats
Vous n’avez pas pris ce quiz